Expert pl sql practices : (Record no. 193409)
[ view plain ]
| 000 -LEADER | |
|---|---|
| fixed length control field | 01174nam a2200373Ia 4500 |
| 003 - CONTROL NUMBER IDENTIFIER | |
| control field | OSt |
| 005 - DATE AND TIME OF LATEST TRANSACTION | |
| control field | 20250225101901.0 |
| 008 - FIXED-LENGTH DATA ELEMENTS--GENERAL INFORMATION | |
| fixed length control field | 210716s2011 xx 000 0 und d |
| 020 ## - INTERNATIONAL STANDARD BOOK NUMBER | |
| International Standard Book Number | 9788132204152 |
| 040 ## - CATALOGING SOURCE | |
| Transcribing agency | AIMIT LIBRARY |
| 041 ## - LANGUAGE CODE | |
| Language code of text/sound track or separate title | eng |
| 082 ## - DEWEY DECIMAL CLASSIFICATION NUMBER | |
| Classification number | 005.7402 |
| Edition number | 1st |
| Item number | BERJ |
| 100 ## - MAIN ENTRY--PERSONAL NAME | |
| Personal name | Beresniewicz, John. |
| 9 (RLIN) | 202468 |
| 245 ## - TITLE STATEMENT | |
| Title | Expert pl sql practices : |
| Remainder of title | for oracle developers and DBAs / |
| Statement of responsibility, etc. | By John Berensniewicz ...[et.al.]. |
| 250 ## - EDITION STATEMENT | |
| Edition statement | 1st ed. |
| 260 ## - PUBLICATION, DISTRIBUTION, ETC. | |
| Place of publication, distribution, etc. | New Delhi : |
| Name of publisher, distributor, etc. | Springer , |
| Date of publication, distribution, etc. | 2011. |
| 300 ## - PHYSICAL DESCRIPTION | |
| Extent | xxii,490 p.; |
| Other physical details | PB |
| Dimensions | 25.1 cm. |
| 650 ## - SUBJECT ADDED ENTRY--TOPICAL TERM | |
| Topical term or geographic name entry element | SQL |
| 9 (RLIN) | 202469 |
| 700 ## - ADDED ENTRY--PERSONAL NAME | |
| Personal name | Billington, Adrian |
| 9 (RLIN) | 202470 |
| 700 ## - ADDED ENTRY--PERSONAL NAME | |
| Personal name | Buchi, Martin. |
| 9 (RLIN) | 202471 |
| 700 ## - ADDED ENTRY--PERSONAL NAME | |
| Personal name | Caffrey, Melanie. |
| 9 (RLIN) | 202472 |
| 700 ## - ADDED ENTRY--PERSONAL NAME | |
| Personal name | Crisco, Ron. |
| 9 (RLIN) | 202473 |
| 700 ## - ADDED ENTRY--PERSONAL NAME | |
| Personal name | Cunningham, Lewis. |
| 9 (RLIN) | 202474 |
| 700 ## - ADDED ENTRY--PERSONAL NAME | |
| Personal name | Delmolino, Dominic. |
| 9 (RLIN) | 202475 |
| 700 ## - ADDED ENTRY--PERSONAL NAME | |
| Personal name | Harper,Sue. |
| 9 (RLIN) | 202476 |
| 700 ## - ADDED ENTRY--PERSONAL NAME | |
| Personal name | Holm,Torben. |
| 9 (RLIN) | 202477 |
| 700 ## - ADDED ENTRY--PERSONAL NAME | |
| Personal name | McDonald, Connor. |
| 9 (RLIN) | 202478 |
| 700 ## - ADDED ENTRY--PERSONAL NAME | |
| Personal name | Nanda, Arup. |
| 9 (RLIN) | 202479 |
| 700 ## - ADDED ENTRY--PERSONAL NAME | |
| Personal name | Petit, Stephan. |
| 9 (RLIN) | 202480 |
| 700 ## - ADDED ENTRY--PERSONAL NAME | |
| Personal name | Rosenblum, Michael. |
| 9 (RLIN) | 202481 |
| 700 ## - ADDED ENTRY--PERSONAL NAME | |
| Personal name | Sands, Robyn. |
| 9 (RLIN) | 202482 |
| 700 ## - ADDED ENTRY--PERSONAL NAME | |
| Personal name | Shamsudeen, Riyaj. |
| 9 (RLIN) | 202483 |
| 942 ## - ADDED ENTRY ELEMENTS (KOHA) | |
| Source of classification or shelving scheme | Dewey Decimal Classification |
| Koha item type | Book |
| Call number prefix | 005.7402 BERJ |
| Withdrawn status | Lost status | Damaged status | Not for loan | Collection code | Home library | Current library | Source of acquisition | Cost, normal purchase price | Total Checkouts | Full call number | Barcode | Date last seen | Date last checked out | Cost, replacement price | Price effective from | Koha item type |
|---|---|---|---|---|---|---|---|---|---|---|---|---|---|---|---|---|
| MCA | St Aloysius Institute of Management & Information Technology | St Aloysius Institute of Management & Information Technology | Knowledge World | 549.00 | 1 | 005.7402 BERJ | MCA12917 | 05/23/2026 | 03/22/2022 | 411.75 | 07/16/2021 | Book |